00687nam a2200181 i 450000100060000000300090000600500170001500700030003200800410003510000360007624500760011226000760018830000330026471000380029785200320033599900170036795201210038469507ES-MaACL20230906170533.0t|040706s1958 sp ||||1| spa d1 aGarcía Chico, Esteban.95436910aValladolid b: papeletas de historia y arte / cEsteban García Chico. aValladolid : bAyuntamiento de Valladolid, c1958 (fAndrés Martín) a133 p., 80 lám. ; c24 cm.1 aValladolid. bAyuntamiento.97541 aES-MaACLjC-14576 bR.42325 c69507d69507 00104070aATENEOMbATENEOMcFICHd2008-01-17eSCl0oC-14576p1072785r2023-02-23 00:00:00w2023-02-23yMONOGRAFIA